| 000 | 00982nam a2200217 a 4500 | ||
|---|---|---|---|
| 003 | PILC | ||
| 005 | 20160202105314.0 | ||
| 008 | 121114s19uu xx 00 eng d | ||
| 020 | _a97800712214841 | ||
| 050 |
_aBF 121 _b.F34 2011 |
||
| 100 | _aFeldman, Robert S. | ||
| 245 |
_aEssentials of understanding psychology / _cRobert S. Feldman. |
||
| 250 | _a9th edition. | ||
| 260 |
_aBoston, MA : _bMcGraw-Hill, _c2011. |
||
| 300 |
_alii, 555 pages : _bcolor illustrations ; _c26 cm. |
||
| 500 | _aIncludes glossary, bibliographical references and index | ||
| 520 | _aYour students are individuals. Do your teaching materials treat them that way? This title presents an adaptive diagnostic tool that generates a personalized study plan to help students 'know what they know' while guiding them to understand and learn what they don't know through engaging interactivities, exercises, and readings | ||
| 650 |
_aPsychology _xTextbooks. |
||
| 942 |
_cBK _2lcc _kFOR |
||
| 999 |
_c22329 _d22329 |
||